Los desafíos de la conciliación de la vida familiar y profesional en el siglo XXI / (Record no. 29546)
[ view plain ]
| 000 -LEADER | |
|---|---|
| campo de control de longitud fija | 01785nam a2200397Mi 4500 |
| 001 - NÚMERO DE CONTROL | |
| campo de control | 46971 |
| 003 - IDENTIFICADOR DE NÚMERO DE CONTROL | |
| campo de control | BJBSDDR |
| 005 - FECHA Y HORA DE LA ÚLTIMA TRANSACCIÓN | |
| campo de control | 20240726110054.0 |
| 007 - CAMPO FIJO DE DESCRIPCIÓN FÍSICA--INFORMACIÓN GENERAL | |
| campo de control de longitud fija | ta |
| 008 - DATOS DE LONGITUD FIJA--INFORMACIÓN GENERAL | |
| campo de control de longitud fija | 060315s2006 sp 000 0 spa d |
| 020 ## - NÚMERO INTERNACIONAL ESTÁNDAR DEL LIBRO | |
| Número Internacional Estándar del Libro | 8497424727 |
| 020 ## - NÚMERO INTERNACIONAL ESTÁNDAR DEL LIBRO | |
| Número Internacional Estándar del Libro | 9788497424721 |
| 029 0# - OTRO NÚMERO DE CONTROL DE SISTEMA (OCLC) | |
| Identificador de la biblioteca OCLC | PL# |
| Número de control de sistema | 060004852 |
| 035 ## - NÚMERO DE CONTROL DEL SISTEMA | |
| Número de control de sistema | (OCoLC)ocm65461459 |
| 035 ## - NÚMERO DE CONTROL DEL SISTEMA | |
| Número de control de sistema | (OCoLC)65461459 |
| 040 ## - FUENTE DE CATALOGACIÓN | |
| Centro catalogador/agencia de origen | PL# |
| Lengua de catalogación | eng |
| Centro/agencia transcriptor | PL# |
| 041 ## - CÓDIGO DE IDIOMA | |
| Código de lengua del texto/banda sonora o título independiente | eng |
| 050 14 - SIGNATURA TOPOGRÁFICA DE LA BIBLIOTECA DEL CONGRESO | |
| Número de clasificación | HD 4904.25 |
| Número de ítem | D441 2006 |
| 245 04 - MENCIÓN DEL TÍTULO | |
| Título | Los desafíos de la conciliación de la vida familiar y profesional en el siglo XXI / |
| Mención de responsabilidad, etc. | Elena Casado Aparicio, Concepción Gómez Esteban (Eds.) |
| 260 ## - PUBLICACIÓN, DISTRIBUCIÓN, ETC. | |
| Lugar de publicación, distribución, etc. | Madrid : |
| Nombre del editor, distribuidor, etc. | Editorial Biblioteca Nueva ; |
| -- | Fundación José Ortega y Gasset, |
| Fecha de publicación, distribución, etc. | c2006. |
| 300 ## - DESCRIPCIÓN FÍSICA | |
| Extensión | 284 páginas ; |
| Dimensiones | 24 cm. |
| 440 #0 - MENCIÓN DE SERIE/PUNTO DE ACCESO ADICIONAL--TÍTULO | |
| Título | Colección El Arquero ; |
| Designación de volumen o secuencia | 8 |
| 9 (RLIN) | 37568 |
| 500 ## - NOTA GENERAL | |
| Nota general | Bibliografía al final de cada capítulo. |
| 520 ## - RESUMEN, ETC. | |
| Sumario, etc. | Estudios y ensayos multidisciplinares sobre el alcance de los retos de la conciliación entre la familia y el empleo. Se analizan los contextos (mujer y mercado laboral, situación en Europa de la conciliación, papel de hombres y mujeres, etc.) , identidades (roles de género) y prácticas de la conciliación (condiciones de empleo y de familia de las "amas de casa", situación de las madres trabajadoras, reestructuración de las familias y los hogares, etc.) |
| 650 #4 - PUNTO DE ACCESO ADICIONAL DE MATERIA--TÉRMINO DE MATERIA | |
| Término de materia o nombre geográfico como elemento de entrada | Trabajo y familia |
| Subdivisión general | Política gubernamental |
| 9 (RLIN) | 37569 |
| Subdivisión geográfica | Países de la Unión Europea |
| 650 #4 - PUNTO DE ACCESO ADICIONAL DE MATERIA--TÉRMINO DE MATERIA | |
| Término de materia o nombre geográfico como elemento de entrada | Trabajo |
| 9 (RLIN) | 25679 |
| 650 #4 - PUNTO DE ACCESO ADICIONAL DE MATERIA--TÉRMINO DE MATERIA | |
| Término de materia o nombre geográfico como elemento de entrada | Familia |
| 9 (RLIN) | 279 |
| 650 #4 - PUNTO DE ACCESO ADICIONAL DE MATERIA--TÉRMINO DE MATERIA | |
| Término de materia o nombre geográfico como elemento de entrada | Vida familiar |
| 9 (RLIN) | 37570 |
| 653 ## - TÉRMINO DE INDIZACIÓN--NO CONTROLADO | |
| Término no controlado | Vida activa. |
| 653 ## - TÉRMINO DE INDIZACIÓN--NO CONTROLADO | |
| Término no controlado | Vida familiar. |
| 653 ## - TÉRMINO DE INDIZACIÓN--NO CONTROLADO | |
| Término no controlado | Situación social. |
| 700 1# - ENTRADA AGREGADA--NOMBRE PERSONAL | |
| Nombre de persona | Casado Aparicio, Elena, |
| Fechas asociadas al nombre | 1967- |
| Término indicativo de función/relación | editora |
| 9 (RLIN) | 37571 |
| 700 1# - ENTRADA AGREGADA--NOMBRE PERSONAL | |
| Nombre de persona | Gómez Esteban, Concepción |
| Término indicativo de función/relación | editora |
| 9 (RLIN) | 37572 |
| 942 ## - ELEMENTOS DE ENTRADA SECUNDARIOS (KOHA) | |
| Fuente del sistema de clasificación o colocación | Clasificación de Library of Congress |
| Tipo de ítem Koha | Libro |
| 946 ## - PROCESAMIENTO DE INFORMACIÓN LOCAL (OCLC) | |
| a | mfcruz |
| Estatus retirado | Estado de pérdida | Fuente del sistema de clasificación o colocación | Estado de daño | No para préstamo | Colección | Biblioteca de origen | Biblioteca actual | Ubicación en estantería | Fecha de adquisición | Signatura topográfica completa | Código de barras | Visto por última vez | Copia número | Tipo de ítem Koha |
|---|---|---|---|---|---|---|---|---|---|---|---|---|---|---|
| Clasificación de Library of Congress | Ciencias Sociales | Biblioteca Juan Bosch | Biblioteca Juan Bosch | Ciencias Sociales (3er. Piso) | 10/04/2023 | HD 4904.25 D441 2006 | 00000047466 | 23/10/2018 | 1 | Libro |
